শিক্ষণ-কলা : (Record no. 61499)
[ view plain ]
| 000 -LEADER | |
|---|---|
| fixed length control field | 01048nam a2200253 a 4500 |
| 001 - CONTROL NUMBER | |
| control field | 61499 |
| 003 - CONTROL NUMBER IDENTIFIER | |
| rucl marc code | BD-RjUL |
| 005 - DATE AND TIME OF LATEST TRANSACTION | |
| control field | 20211209080954.0 |
| 008 - FIXED-LENGTH DATA ELEMENTS--GENERAL INFORMATION | |
| fixed length control field | 170118s1968 bg ||||| |||| 00| 0 ben d |
| 020 ## - INTERNATIONAL STANDARD BOOK NUMBER | |
| Terms of availability | : TK 8.00 |
| 035 ## - SYSTEM CONTROL NUMBER | |
| System control number | (BD-RjUL)61623 |
| 040 ## - CATALOGING SOURCE | |
| Original cataloging agency | BD-RjUL |
| Language of cataloging | ben |
| Transcribing agency | BD-RjUL |
| 041 ## - LANGUAGE CODE | |
| Language code of text/sound track or separate title | ben |
| 082 ## - DEWEY DECIMAL CLASSIFICATION NUMBER | |
| Edition number | 23 |
| Classification number | 371.3 |
| Author mark and year | HAS 1968 |
| 100 ## - MAIN ENTRY--PERSONAL NAME | |
| Personal name | হায়েট, গিলবার্ট |
| 9 (RLIN) | 178152 |
| 245 10 - TITLE STATEMENT | |
| Title | শিক্ষণ-কলা : |
| Remainder of title | শিক্ষাদানের কলাকৌশল / |
| Statement of responsibility, etc. | গিলবার্ট হায়েট |
| 260 ## - PUBLICATION, DISTRIBUTION, ETC. (IMPRINT) | |
| Place of publication, distribution, etc. | ঢাকা : |
| Name of publisher, distributor, etc. | নওরোজ কিতাবিস্তান, |
| Date of publication, distribution, etc. | ১৯৬৮ |
| 300 ## - PHYSICAL DESCRIPTION | |
| Pagination | [১০], ৩৫৬ পৃ. ; |
| Size | ২১ সেমি. |
| 650 ## - SUBJECT ADDED ENTRY--TOPICAL TERM | |
| Topical term or geographic name as entry element | শিক্ষণ কৌশল |
| 9 (RLIN) | 170329 |
| Topical term or geographic name as entry element | The Art of Education |
| 9 (RLIN) | 183292 |
| 700 ## - ADDED ENTRY--PERSONAL NAME | |
| Personal name | হুসায়ন, মুয়াযযম, অনুবাদ |
| Personal name | হক, আ.ফ. মুহম্মদ আবদুল, সম্পাদক |
| 942 ## - ADDED ENTRY ELEMENTS (KOHA) | |
| Source of classification or shelving scheme | Dewey Decimal Classification |
| Koha item type | Books |
| Lost status | Source of classification or shelving scheme | Damaged status | Not for loan | Collection code | Permanent Location | Current Location | Shelving location | Date acquired | Source of acquisition | Cost, normal purchase price | Total Checkouts | Full call number | Date last seen | Copy number | Koha item type |
|---|---|---|---|---|---|---|---|---|---|---|---|---|---|---|---|
| Dewey Decimal Classification | Not For Loan | Non-fiction | Central Library, University of Rajshahi | Central Library, University of Rajshahi | Reading Room | 01/11/1968 | Nawroge kitabstan, Dhaka | 8.00 | B 371.3 HAS 1968 | 18/01/2017 | C-1 | Books |